[Event "Xtracon Chess Open 2019"]
[Site "Helsingor DEN"]
[Date "2019.07.20"]
[Round "1.161"]
[White "Morling, Aase"]
[Black "Bering, Anders"]
[Result "0-1"]
[WhiteElo "1470"]
[BlackElo "1999"]
[WhiteFideId "1440993"]
[BlackFideId "1405810"]
[EventDate "2019.07.20"]

1. e4 c5 2. c3 d5 3. exd5 Qxd5 4. d4 Nf6 5. Nf3 Bg4 6. Be2 e6 7. h3 Bh5 8. O-O
Nc6 9. Be3 cxd4 10. cxd4 Be7 11. Nc3 Qd7 12. Ne5 Bxe2 13. Nxe2 Nxe5 14. dxe5 Nd5
15. Qb3 Nxe3 16. Qxe3 O-O 17. Rfd1 Qb5 18. b3 Rfd8 19. Nc3 Qa5 20. Rxd8+ Rxd8
21. a4 Bc5 22. Qg3 Qb4 23. Rb1 Rd2 24. Nd1 Qe4 25. Rc1 Qe1+ 26. Kh2 Rxd1 27.
Rxd1 Qxd1 28. Qc3 Qd4 29. Qxd4 Bxd4 30. f4 Kf8 31. g3 Ke7 32. Kg2 Kd7 33. Kf3
Kc6 34. Ke4 Bf2 35. g4 Kc5 36. Kd3 Kb4 37. Kc2 Bg3 38. f5 exf5 39. gxf5 Bxe5 40.
h4 h5 0-1

[Event "Xtracon Chess Open 2019"]
[Site "Helsingor DEN"]
[Date "2019.07.20"]
[Round "1.162"]
[White "Kakulidis, Ellen"]
[Black "Rostrup, Nicolai"]
[Result "1-0"]
[WhiteTitle "WCM"]
[WhiteElo "1998"]
[BlackElo "1462"]
[WhiteFideId "1444972"]
[BlackFideId "1445073"]
[EventDate "2019.07.20"]

1. d4 Nf6 2. g3 d5 3. Nf3 Bf5 4. Bg2 e6 5. O-O c5 6. c4 Bg6 7. cxd5 Nxd5 8. Nc3
Nxc3 9. bxc3 Be4 10. Qa4+ Bc6 11. Qc2 Be7 12. e4 Nd7 13. Re1 Nf6 14. Bb2 b5 15.
Ne5 Bb7 16. Qe2 a6 17. Rad1 O-O 18. Nd3 c4 19. Ne5 Re8 20. Bc1 Qc7 21. h4 Rad8
22. h5 Nd7 23. Nxd7 Qxd7 24. h6 g6 25. Bh3 Qc8 26. d5 f5 27. Qf3 Qa8 28. Bg2 Bf6
29. exf5 exf5 30. Re3 Rxe3 31. Qxe3 Kh8 32. Re1 Qb8 33. Ba3 Bc8 34. Be7 Qe5 35.
Qxe5 Bxe5 36. Bxd8 1-0

[Event "Xtracon Chess Open 2019"]
[Site "Helsingor DEN"]
[Date "2019.07.20"]
[Round "1.163"]
[White "Jensen, Jonbert M. S."]
[Black "Digernes, Magnus"]
[Result "0-1"]
[WhiteElo "1461"]
[BlackElo "1997"]
[WhiteFideId "1435914"]
[BlackFideId "1514873"]
[EventDate "2019.07.20"]

1. e4 e6 2. c3 d5 3. exd5 exd5 4. d4 Bd6 5. h3 Ne7 6. Bd3 Bf5 7. Nf3 Nbc6 8. Ng5
Bxd3 9. Qxd3 h6 10. Nf3 Qd7 11. O-O O-O-O 12. Be3 g5 13. Ne5 Bxe5 14. dxe5 Nxe5
15. Qe2 N7c6 16. Na3 g4 17. h4 Nf3+ 18. gxf3 gxf3 19. Qxf3 Ne5 20. Qf4 Qh3 21.
Qxe5 Rdg8+ 22. Bg5 hxg5 23. Qh2 gxh4+ 24. Kh1 Qf3+ 0-1

[Event "Xtracon Chess Open 2019"]
[Site "Helsingor DEN"]
[Date "2019.07.20"]
[Round "1.164"]
[White "Stray, Gunnar"]
[Black "Krabbenhoft, Soren"]
[Result "1-0"]
[WhiteElo "1996"]
[BlackElo "1456"]
[WhiteFideId "1501631"]
[BlackFideId "1449117"]
[EventDate "2019.07.20"]

1. d4 e6 2. Nf3 d5 3. e3 Nf6 4. Bd3 c5 5. b3 Nc6 6. O-O Be7 7. Bb2 O-O 8. Nbd2
Bd7 9. a3 Rc8 10. Ne5 Qc7 11. f4 a6 12. Qf3 b5 13. dxc5 Bxc5 14. Nxc6 Bxc6 15.
Bxf6 gxf6 16. Bxh7+ Kxh7 17. Qh5+ Kg7 18. Qg4+ Kh8 19. Rf3 Bxe3+ 20. Rxe3 Qb6
21. Qh4+ Kg7 22. Qg3+ Kh8 23. Qf2 Rb8 24. Kf1 Rg8 25. Rae1 Kg7 26. Qh4 Kf8 27.
Qxf6 Rxg2 28. Kxg2 d4+ 29. Re4 Bxe4+ 30. Nxe4 Qd8 31. Qxd8+ Rxd8 32. Rd1 Ke7 33.
Kf3 f6 34. Nc5 Rd6 35. Ke4 f5+ 36. Kd3 Kf6 37. Re1 Rc6 38. Rxe6+ Rxe6 39. Nxe6
Kxe6 40. Kxd4 Kf6 41. c4 1-0

[Event "Xtracon Chess Open 2019"]
[Site "Helsingor DEN"]
[Date "2019.07.20"]
[Round "1.165"]
[White "Schick, Matheo"]
[Black "Johnsen, Oystein"]
[Result "0-1"]
[WhiteElo "1451"]
[BlackElo "1994"]
[WhiteFideId "1545280"]
[BlackFideId "1515861"]
[EventDate "2019.07.20"]

1. e4 c5 2. Nf3 e6 3. d4 cxd4 4. Nxd4 a6 5. Nc3 Qc7 6. a3 Nf6 7. Be3 Nc6 8. Be2
b5 9. O-O Bb7 10. f4 d6 11. Nxc6 Bxc6 12. Bf3 Rc8 13. Bd4 Qb7 14. e5 dxe5 15.
Bxe5 Bc5+ 16. Kh1 Bxf3 17. Qxf3 Qxf3 18. Rxf3 Ke7 19. Rd1 Rhd8 20. Rfd3 Rxd3 21.
Rxd3 Ng4 22. Bd4 Bxd4 23. Rxd4 Ne3 24. Kg1 Nxc2 25. Rd3 Rd8 26. Rxd8 Kxd8 27.
Kf2 b4 28. axb4 Nxb4 29. Kf3 f5 30. g4 g6 31. g5 Kd7 32. b3 Kd6 33. Ne2 e5 34.
h3 e4+ 35. Ke3 Kc5 36. Kd2 Nd5 37. Kc2 Kb4 38. Kb2 Ne3 39. Ng1 Nd1+ 40. Kc2 Nc3
41. Kb2 e3 42. Kc2 e2 43. Nf3 Nd5 0-1

[Event "Xtracon Chess Open 2019"]
[Site "Helsingor DEN"]
[Date "2019.07.20"]
[Round "1.166"]
[White "Glibstrup, Jakob"]
[Black "Storme, Joel"]
[Result "1-0"]
[WhiteElo "1993"]
[BlackElo "1448"]
[WhiteFideId "1416146"]
[BlackFideId "1749021"]
[EventDate "2019.07.20"]

1. e4 d5 2. exd5 Qxd5 3. Nc3 Qa5 4. d4 c6 5. Bc4 Nf6 6. Bd2 Qc7 7. Qe2 Bg4 8.
Nf3 e6 9. O-O-O Bd6 10. h3 Bh5 11. g4 Bg6 12. h4 h6 13. g5 Nd5 14. h5 Bh7 15. g6
Nxc3 16. Bxc3 Bg8 17. Rhe1 Qd7 18. gxf7+ Bxf7 19. Bxe6 Bxe6 20. Qxe6+ Qxe6 21.
Rxe6+ Kd7 22. Rg6 Rf8 23. Rxd6+ Ke7 24. Re1+ Kxd6 25. Bb4+ Kc7 26. Bxf8 Nd7 27.
Bxg7 1-0

[Event "Xtracon Chess Open 2019"]
[Site "Helsingor DEN"]
[Date "2019.07.20"]
[Round "1.167"]
[White "Andersson, Lars"]
[Black "Hein, Jacob"]
[Result "1-0"]
[WhiteElo "1990"]
[BlackElo "1422"]
[WhiteFideId "1706772"]
[BlackFideId "1402870"]
[EventDate "2019.07.20"]

1. f4 e5 2. e4 d5 3. exd5 exf4 4. Nf3 Qxd5 5. Nc3 Qd8 6. Bc4 Bg4 7. Bxf7+ Ke7 8.
Bc4 Nc6 9. Qe2+ Kd7 10. Bb5 Kc8 11. Bxc6 bxc6 12. Qa6+ Kb8 13. Qxc6 Bd7 14. Qc4
Bd6 15. O-O Ne7 16. Ne4 Bc6 17. Nxd6 Qxd6 18. d3 Bxf3 19. Rxf3 Qb6+ 20. d4 g5
21. Rb3 Re8 22. Rxb6+ axb6 23. Bd2 Kb7 24. Re1 Nf5 25. Rxe8 Rxe8 26. Qd5+ 1-0

[Event "Xtracon Chess Open 2019"]
[Site "Helsingor DEN"]
[Date "2019.07.20"]
[Round "1.168"]
[White "Huse, Arne Kjelsbol"]
[Black "Magnussen, Pal"]
[Result "0-1"]
[WhiteElo "1419"]
[BlackElo "1985"]
[WhiteFideId "1520709"]
[BlackFideId "1711814"]
[EventDate "2019.07.20"]

1. e4 e5 2. Nf3 Nc6 3. Bc4 Bc5 4. O-O Nf6 5. Re1 O-O 6. c3 d6 7. h3 Qe7 8. d3
Be6 9. Bb3 Rfd8 10. Bg5 Bb6 11. d4 Bxb3 12. Qxb3 exd4 13. cxd4 Nxd4 14. Nxd4
Bxd4 15. Nc3 c6 16. Rad1 Qe5 17. Bh4 b5 18. Ne2 Bc5 19. Kh1 a5 20. Bg3 Qxe4 21.
Nd4 a4 22. Qc3 b4 23. Qc4 Qd5 24. Qxd5 cxd5 25. Nf5 Kf8 26. Rd2 g6 27. Bh4 Re8
28. Rxe8+ Nxe8 29. Be7+ Kg8 30. Ne3 d4 31. Nc2 f6 32. Nxd4 Kf7 33. Nc6 Rc8 34.
Bxd6 Bxd6 35. Nd4 Rc1+ 0-1

[Event "Xtracon Chess Open 2019"]
[Site "Helsingor DEN"]
[Date "2019.07.20"]
[Round "1.169"]
[White "Saltvedt, Martin"]
[Black "Bredeli, Havard Iversen"]
[Result "1-0"]
[WhiteElo "1984"]
[BlackElo "1397"]
[WhiteFideId "1518500"]
[BlackFideId "1514440"]
[EventDate "2019.07.20"]

1. d4 e6 2. Bf4 d5 3. e3 Nf6 4. Nd2 Nbd7 5. Ngf3 c6 6. Bd3 Bb4 7. c3 Ba5 8. Qe2
O-O 9. Rd1 Bc7 10. Bg3 b6 11. e4 dxe4 12. Nxe4 h6 13. Ne5 Nxe5 14. Nxf6+ Qxf6
15. dxe5 Qe7 16. Qe4 g6 17. Qxc6 Rb8 18. O-O Bb7 19. Qa4 a5 20. Qg4 Bd8 21. Bf4
Kg7 22. Qh3 Rh8 23. Bb5 Qh4 24. Qe3 Qe7 25. Rd7 Qc5 26. Qd3 Bc6 27. Bxc6 Qxc6
28. Rd1 Bc7 29. Qe3 g5 30. Bxg5 hxg5 31. Qxg5+ Kf8 32. Qe7+ 1-0

[Event "Xtracon Chess Open 2019"]
[Site "Helsingor DEN"]
[Date "2019.07.20"]
[Round "1.170"]
[White "Weersing, Nathan"]
[Black "Zemlicka, Vit"]
[Result "1/2-1/2"]
[WhiteElo "1388"]
[BlackElo "1982"]
[WhiteFideId "467936"]
[BlackFideId "303143"]
[EventDate "2019.07.20"]

1. e4 g6 2. Nf3 Bg7 3. e5 d6 4. exd6 cxd6 5. d4 Nf6 6. Bf4 O-O 7. c3 Nh5 8. Bg3
Qc7 9. Be2 e5 10. Ng5 Nxg3 11. hxg3 h6 12. Nf3 e4 13. Nh2 f5 14. g4 d5 15. gxf5
gxf5 16. g4 e3 17. fxe3 fxg4 18. Nxg4 Qg3+ 19. Kd2 Bxg4 20. Bxg4 Rf2+ 21. Be2
Nd7 22. Rg1 Qh2 23. Re1 Nf6 24. Kc1 Rc8 25. Qd3 Ne4 26. Nd2 Nxd2 1/2-1/2

[Event "Xtracon Chess Open 2019"]
[Site "Helsingor DEN"]
[Date "2019.07.20"]
[Round "1.171"]
[White "Skjoldager, Flemming"]
[Black "Nielsen, Pia"]
[Result "1-0"]
[WhiteElo "1972"]
[BlackElo "1365"]
[WhiteFideId "1406515"]
[BlackFideId "1409700"]
[EventDate "2019.07.20"]

1. b3 d5 2. Bb2 Bg4 3. Nf3 Bxf3 4. exf3 e6 5. Be2 Bd6 6. Bxg7 Qg5 7. Bxh8 Qxg2
8. Rf1 e5 9. d4 Qxh2 10. Qd3 Qf4 11. Nd2 a6 12. Bxe5 Bxe5 13. dxe5 Qxe5 14. Qe3
Nc6 15. Qxe5+ Nxe5 16. f4 Nc6 17. O-O-O O-O-O 18. Nf3 Re8 19. Bd3 h6 20. Bf5+
Kd8 21. Rxd5+ Ke7 22. Re1+ Kf8 23. Rxe8+ Kxe8 24. Bd7+ Ke7 25. Bc8 Nf6 26. Rd2
Nb4 27. Bxb7 Nxa2+ 28. Kb2 Nb4 29. c3 c5 30. cxb4 cxb4 31. Bxa6 Nh5 32. Rd4 Nf6
33. f5 h5 34. Ne5 Ke8 35. Bc4 Ng4 36. Nxg4 hxg4 37. f6 g3 38. Bb5+ Kf8 39. Rd8# 1-0

[Event "Xtracon Chess Open 2019"]
[Site "Helsingor DEN"]
[Date "2019.07.20"]
[Round "1.173"]
[White "Carnstam, Tomas"]
[Black "Thybo, Jan"]
[Result "1-0"]
[WhiteElo "1967"]
[BlackElo "1316"]
[WhiteFideId "1707221"]
[BlackFideId "1438824"]
[EventDate "2019.07.20"]

1. d4 Nf6 2. c4 d6 3. Nc3 g6 4. e4 Bg7 5. f4 O-O 6. Nf3 c5 7. d5 a6 8. a4 Nbd7
9. Bd3 e5 10. fxe5 Nxe5 11. Nxe5 dxe5 12. O-O Nh5 13. Be2 Nf6 14. Bg5 h6 15. Be3
b6 16. a5 Ne8 17. axb6 Qxb6 18. Na4 Qb8 19. Bxc5 Nd6 20. Bxd6 Qxd6 21. c5 Qd8
22. c6 Qg5 23. Qc1 Qxc1 24. Raxc1 f5 25. d6 Be6 26. Nc5 1-0

[Event "Xtracon Chess Open 2019"]
[Site "Helsingor DEN"]
[Date "2019.07.20"]
[Round "1.174"]
[White "Hinrichs, Kurt"]
[Black "Pedersen, Lars Foldager"]
[Result "0-1"]
[WhiteElo "1225"]
[BlackElo "1967"]
[WhiteFideId "12994057"]
[BlackFideId "1417649"]
[EventDate "2019.07.20"]

1. d4 Nf6 2. Bf4 d6 3. e3 g6 4. c3 Bg7 5. Nd2 O-O 6. Ngf3 Nc6 7. Bd3 e5 8. Bg3
Re8 9. dxe5 dxe5 10. Bc2 Bg4 11. h3 Bh5 12. O-O e4 13. Qe2 exf3 14. gxf3 Qd7 15.
Rfd1 Qxh3 16. Bxc7 Ne5 17. Bxe5 Rxe5 0-1

[Event "Xtracon Chess Open 2019"]
[Site "Helsingor DEN"]
[Date "2019.07.20"]
[Round "1.175"]
[White "Henningsen, Lasse"]
[Black "Linjord, Anders Jess"]
[Result "1-0"]
[WhiteElo "1963"]
[BlackElo "1222"]
[WhiteFideId "1425315"]
[BlackFideId "1530020"]
[EventDate "2019.07.20"]

1. d4 Nf6 2. c4 e6 3. Nc3 Bb4 4. Qc2 d5 5. e3 O-O 6. Nf3 Nc6 7. a3 Bxc3+ 8. Qxc3
a6 9. b4 Na7 10. Bb2 Ne4 11. Qc2 b6 12. cxd5 exd5 13. Rc1 c6 14. Ne5 Qf6 15. Bd3
Bb7 16. Nd7 Qg6 17. f3 Rfe8 18. fxe4 dxe4 19. Bc4 b5 20. Ba2 Qg5 21. Qf2 Re7 22.
Ne5 Rf8 23. O-O Qh5 24. Rc5 Qh6 25. Nxf7 Qf6 26. Qg3 Qg6 27. Nh6+ Kh8 28. Rxf8# 1-0

[Event "Xtracon Chess Open 2019"]
[Site "Helsingor DEN"]
[Date "2019.07.20"]
[Round "1.176"]
[White "Johansen, Paul Ivar"]
[Black "Linderod, Lars Erik"]
[Result "0-1"]
[WhiteElo "1205"]
[BlackElo "1961"]
[WhiteFideId "1508024"]
[BlackFideId "1435965"]
[EventDate "2019.07.20"]

1. Nf3 g6 2. d4 Bg7 3. Bf4 d6 4. h3 Nf6 5. e3 O-O 6. Bc4 Nbd7 7. O-O c5 8. c3
cxd4 9. cxd4 a6 10. Nc3 b5 11. Bd3 Bb7 12. Re1 Qa5 13. a3 Rac8 14. b4 Qd8 15.
Rc1 Nb6 16. Ng5 Nh5 17. Bh2 e5 18. Nge4 f5 19. Ng3 Nxg3 20. Bxg3 exd4 21. Nxb5
axb5 22. Rxc8 Nxc8 23. Bxb5 dxe3 24. Qb3+ Kh8 25. Rxe3 Qb6 26. Bd7 Qd4 27. Re8
Rxe8 28. Bxe8 Qe4 29. Qf3 Qe1+ 30. Kh2 Bxf3 31. Bd7 Bb7 32. Bxc8 Bxc8 33. b5 Bb7
34. a4 Qf1 0-1

[Event "Xtracon Chess Open 2019"]
[Site "Helsingor DEN"]
[Date "2019.07.20"]
[Round "1.177"]
[White "Green, Per"]
[Black "Olsen, Lars Peter Levin"]
[Result "1-0"]
[WhiteElo "1959"]
[BlackElo "1187"]
[WhiteFideId "1703811"]
[BlackFideId "1454102"]
[EventDate "2019.07.20"]

1. c4 c5 2. Nf3 Nc6 3. b3 Nf6 4. Bb2 g6 5. g3 Bg7 6. Bg2 d6 7. O-O O-O 8. d4
cxd4 9. Nxd4 Nxd4 10. Qxd4 e5 11. Qd2 Rb8 12. Rd1 Ne8 13. c5 Be6 14. cxd6 Qd7
15. Nc3 Nf6 16. Rac1 Rfd8 17. Na4 Ne8 18. Ba3 b6 19. Bc6 Qc8 20. Bxe8 Qa6 21. d7
Bh3 22. Bd6 Qb7 23. Qd5 Qxd5 24. Rxd5 Bxd7 25. Bxf7+ Kxf7 26. Bxb8 Ke6 27. Rcd1
Rxb8 28. Rxd7 Bf6 29. Rxa7 h5 30. Ra6 Bd8 31. e4 Ke7 32. Rxd8 Rxd8 33. Nxb6 Rd2
34. Nc4 1-0

[Event "Xtracon Chess Open 2019"]
[Site "Helsingor DEN"]
[Date "2019.07.20"]
[Round "1.178"]
[White "Mansoor, Areeb"]
[Black "Heinsohn, Michael"]
[Result "0-1"]
[WhiteElo "1183"]
[BlackElo "1959"]
[WhiteFideId "1535870"]
[BlackFideId "4665546"]
[EventDate "2019.07.20"]

1. e4 e6 2. d4 d5 3. e5 c5 4. Nf3 Nc6 5. Bb5 Bd7 6. Nc3 Qc7 7. Bxc6 bxc6 8. Na4
cxd4 9. Qxd4 c5 10. Qf4 Qa5+ 11. Nc3 d4 12. Nxd4 cxd4 13. Qxd4 Ne7 14. O-O Nc6
15. Qe4 Qxe5 16. Re1 Qxe4 17. Rxe4 Be7 18. Rg4 Ne5 19. Rg3 O-O 20. Bh6 Ng6 21.
Bg5 Bxg5 22. Rxg5 Rfc8 23. Rd1 Rc7 24. h3 Rb8 25. Rb1 Rxc3 26. Rd1 Rc7 27. b3 e5 0-1

[Event "Xtracon Chess Open 2019"]
[Site "Helsingor DEN"]
[Date "2019.07.20"]
[Round "1.179"]
[White "Jarlnaes, Erik"]
[Black "Rempe, Lennik"]
[Result "1-0"]
[WhiteElo "1959"]
[BlackElo "1147"]
[WhiteFideId "1414623"]
[BlackFideId "16248031"]
[EventDate "2019.07.20"]

1. e4 e5 2. Nf3 Nc6 3. Bb5 a6 4. Ba4 Nf6 5. d3 b5 6. Bb3 Be7 7. a4 Bb7 8. Nc3
O-O 9. axb5 axb5 10. Rxa8 Qxa8 11. Nxb5 Qa5+ 12. Nc3 Bb4 13. Bd2 Ra8 14. O-O Nd4
15. Nxd4 exd4 16. Nb1 Bxd2 17. Nxd2 Qg5 18. Nf3 Qg6 19. Ne5 Qg5 20. Nxf7 Qb5 21.
Nd6+ Qxb3 22. cxb3 cxd6 23. f4 d5 24. e5 Ne8 25. Qg4 Rd8 26. f5 d6 27. f6 Nxf6
28. exf6 g6 29. Qe6+ Kh8 30. f7 Ba6 31. Qf6# 1-0

[Event "Xtracon Chess Open 2019"]
[Site "Helsingor DEN"]
[Date "2019.07.20"]
[Round "1.180"]
[White "Huse, Lars Paul"]
[Black "Lundberg, Roland"]
[Result "0-1"]
[WhiteElo "1124"]
[BlackElo "1958"]
[WhiteFideId "1526537"]
[BlackFideId "1710656"]
[EventDate "2019.07.20"]

1. e4 Nc6 2. Nf3 d6 3. d4 Nf6 4. Nc3 g6 5. h3 Bg7 6. Bb5 a6 7. Bxc6+ bxc6 8. O-O
O-O 9. Re1 Nd7 10. d5 Bb7 11. Nd4 c5 12. Nde2 Nb6 13. Qd3 Qd7 14. b3 c6 15. dxc6
Bxc6 16. f3 Qb7 17. Bb2 Rad8 18. Rab1 d5 19. exd5 Nxd5 20. Nxd5 Bxb2 21. Rxb2
Rxd5 22. Qe3 Qc7 23. Nc3 Rh5 24. Qf2 Qa5 25. Ne4 Re5 26. c4 Bxe4 27. Rxe4 Rxe4
28. fxe4 Rd8 29. Re2 Rd1+ 30. Kh2 Qc7+ 31. Qg3 Rh1+ 0-1

[Event "Xtracon Chess Open 2019"]
[Site "Helsingor DEN"]
[Date "2019.07.21"]
[Round "2.1"]
[White "Thorsbro, Peter"]
[Black "Grandelius, Nils"]
[Result "0-1"]
[BlackTitle "GM"]
[WhiteElo "2199"]
[BlackElo "2691"]
[WhiteFideId "1406671"]
[BlackFideId "1710400"]
[EventDate "2019.07.20"]

1. d4 Nf6 2. c4 e6 3. Nc3 Bb4 4. e3 O-O 5. Ne2 c6 6. a3 Ba5 7. b4 Bc7 8. c5 d6
9. cxd6 Qxd6 10. g3 e5 11. Bg2 Re8 12. O-O e4 13. Qc2 Bf5 14. d5 Bb6 15. Bb2
cxd5 16. Rfd1 Nc6 17. Nf4 d4 18. Nb5 Qe5 19. Nxd4 Nxd4 20. Bxd4 Bxd4 21. Rxd4
Rac8 22. Qd2 g5 23. Ne2 Kg7 24. Rd1 h5 25. h3 Re7 26. Rd8 Rxd8 27. Qxd8 Bd7 28.
Rc1 Re8 29. Qc7 Qxc7 30. Rxc7 Bc6 31. Nc3 Rd8 32. b5 Ne8 33. Re7 Kf6 34. bxc6
Kxe7 35. cxb7 Rb8 36. Bxe4 Nd6 37. Nd5+ Kd8 38. Bf3 Rxb7 39. Nb4 Rc7 40. Bxh5
Rc3 41. Be2 a5 42. Nd5 Rxa3 43. h4 gxh4 44. gxh4 Ke8 45. f4 Ra1+ 46. Kf2 a4 0-1

[Event "Xtracon Chess Open 2019"]
[Site "Helsingor DEN"]
[Date "2019.07.21"]
[Round "2.13"]
[White "Kryakvin, Dmitry"]
[Black "Ask, Josef"]
[Result "1-0"]
[WhiteTitle "GM"]
[BlackTitle "FM"]
[WhiteElo "2586"]
[BlackElo "2149"]
[WhiteFideId "4153278"]
[BlackFideId "1704583"]
[EventDate "2019.07.20"]

1. d4 Nf6 2. c4 g6 3. Nc3 Bg7 4. e4 d6 5. Be2 O-O 6. Be3 e5 7. d5 Na6 8. g4 Nc5
9. f3 a5 10. Qd2 Ne8 11. Nh3 f5 12. gxf5 gxf5 13. exf5 Qh4+ 14. Nf2 Bxf5 15.
O-O-O a4 16. Rdg1 Kh8 17. Rg2 Nb3+ 18. axb3 axb3 19. Nfe4 Ra1+ 20. Nb1 Nf6 21.
Nc3 Rfa8 22. Bd3 e4 23. Bg5 Qh5 24. fxe4 Bh3 25. Rg3 Ng4 26. Be2 Be5 27. Bf4 Qh4
28. Bxg4 Bxg4 29. Rhg1 Bh5 30. Bg5 Qxe4 31. Nxe4 Bg6 32. Bf6+ Bxf6 33. Rxg6 Be5
34. Nf6 1-0

[Event "Xtracon Chess Open 2019"]
[Site "Helsingor DEN"]
[Date "2019.07.21"]
[Round "2.25"]
[White "Hector, Jonny"]
[Black "Rolvag, Mikael"]
[Result "1-0"]
[WhiteTitle "GM"]
[WhiteElo "2487"]
[BlackElo "2119"]
[WhiteFideId "1700090"]
[BlackFideId "1500481"]
[EventDate "2019.07.20"]

1. e4 c6 2. d4 d5 3. Nd2 dxe4 4. Nxe4 Nf6 5. Nxf6+ exf6 6. c3 Bd6 7. Bd3 O-O 8.
Ne2 Re8 9. O-O Qc7 10. Ng3 Nd7 11. f4 c5 12. dxc5 Nxc5 13. Bc2 Bd7 14. b4 Ne6
15. Ne4 Bxf4 16. Qh5 Qe5 17. Qh4 Bg5 18. Nxg5 fxg5 19. Bxh7+ Kf8 20. Qf2 Nf4 21.
Bxf4 gxf4 22. Rae1 Qc7 23. Rd1 Bb5 24. Bd3 Ba4 25. Rc1 Re3 26. Bb1 g5 27. h4 f6
28. hxg5 1-0

[Event "Xtracon Chess Open 2019"]
[Site "Helsingor DEN"]
[Date "2019.07.21"]
[Round "2.32"]
[White "Dew, Brian"]
[Black "Jepson, Christian"]
[Result "1/2-1/2"]
[WhiteTitle "FM"]
[BlackTitle "IM"]
[WhiteElo "2094"]
[BlackElo "2391"]
[WhiteFideId "6000495"]
[BlackFideId "1701185"]
[EventDate "2019.07.20"]

1. e4 e5 2. Nf3 Nc6 3. Bb5 a6 4. Ba4 Nf6 5. O-O b5 6. Bb3 Bb7 7. Re1 Bc5 8. c3
d6 9. a4 h6 10. d3 O-O 11. Nbd2 Re8 12. Nf1 Qd7 13. Ng3 Bb6 14. Nf5 d5 15. Qe2
Na5 16. Bc2 Kh8 17. N3h4 Re6 18. b4 Nc6 19. axb5 axb5 20. Rxa8+ Bxa8 21. Bb3 Ne7
22. Nxe7 Rxe7 23. Nf5 Re6 24. Qf3 Qd8 25. h3 c5 26. bxc5 Bxc5 27. g4 Qd7 28. Ng3
b4 29. cxb4 Bxb4 30. Rd1 Rb6 31. Be3 d4 32. Bc1 Bf8 33. Bc4 Bb7 34. Bd2 Ba6 35.
Bxa6 Rxa6 36. Rb1 Qc8 37. Kg2 Kg8 38. Rb5 Qc6 39. Rxe5 Ra2 40. Qd1 Qa6 41. Be1
Bd6 42. Rf5 Bxg3 43. Kxg3 Ra3 44. Rf3 Nd7 45. Kg2 Ne5 46. Rg3 g5 47. Qb1 Qa8 48.
Kf1 Ra1 49. Qb6 Nc6 50. Rg1 Qe8 51. Kg2 Ra2 52. Qc5 Qe6 53. Bb4 Qf6 54. Rf1 Ne5
55. Qxd4 Qf3+ 56. Kh2 Qf4+ 57. Kg2 Qf3+ 58. Kh2 Qf4+ 59. Kg2 Nf3 60. Qd6 Nh4+
61. Kg1 Nf3+ 62. Kg2 Nh4+ 63. Kg1 Nf3+ 64. Kg2 Nh4+ 65. Kg1 1/2-1/2

[Event "Xtracon Chess Open 2019"]
[Site "Helsingor DEN"]
[Date "2019.07.21"]
[Round "2.33"]
[White "Rostgaard, Tobias Valentin"]
[Black "Bruaset, Eivind"]
[Result "1-0"]
[WhiteTitle "FM"]
[WhiteElo "2390"]
[BlackElo "2074"]
[WhiteFideId "1408801"]
[BlackFideId "1515276"]
[EventDate "2019.07.20"]

1. Nf3 Nf6 2. c4 g6 3. Nc3 Bg7 4. e4 d6 5. d4 O-O 6. Be2 e5 7. O-O Nc6 8. d5 Ne7
9. Ne1 Nd7 10. f3 f5 11. g4 f4 12. h4 Kh8 13. Bd2 Ng8 14. Ng2 a5 15. Be1 b6 16.
Bf2 Nc5 17. Kh2 Bd7 18. Rh1 Ra7 19. Ne1 Qa8 20. b3 Qb7 21. Nd3 Rfa8 22. Rb1 Nf6
23. Qc2 Qc8 24. Nc1 Be8 25. a3 a4 26. b4 Nb3 27. Nxb3 axb3 28. Rxb3 Rxa3 29. Rb2
Bf8 30. Nb1 R3a4 31. Nd2 Qa6 32. Rhb1 Ra3 33. Kg2 Qc8 34. c5 b5 35. c6 h5 36. g5
Ng4 37. fxg4 hxg4 38. Qd1 f3+ 39. Nxf3 gxf3+ 40. Bxf3 Rc3 41. Rb3 Rc4 42. Ra1
Ra4 43. Rxa4 bxa4 44. Rb1 Qa8 45. Qd3 Rd4 46. Bxd4 exd4 47. b5 Qa5 48. b6 cxb6
49. Qxd4+ Bg7 50. Qxb6 Qc3 51. Qf2 Bd4 52. Qe2 Kg8 53. Rb8 Kf8 54. Bg4 a3 55.
Qf3+ Qxf3+ 56. Kxf3 a2 57. Ra8 1-0

[Event "Xtracon Chess Open 2019"]
[Site "Helsingor DEN"]
[Date "2019.07.21"]
[Round "2.34"]
[White "Machlik, Monika"]
[Black "Miedema, David"]
[Result "1-0"]
[BlackTitle "IM"]
[WhiteElo "2083"]
[BlackElo "2387"]
[WhiteFideId "1513621"]
[BlackFideId "1018477"]
[EventDate "2019.07.20"]

1. d4 Nf6 2. c4 g6 3. Nc3 d5 4. Bf4 Bg7 5. Nf3 O-O 6. Rc1 c5 7. dxc5 Na6 8. cxd5
Nxc5 9. e3 Qa5 10. Bc4 b5 11. Bxb5 Nfe4 12. Nd4 Nxc3 13. bxc3 Bb7 14. O-O Bxd5
15. Bc6 Rad8 16. Bxd5 Rxd5 17. Nc6 Rxd1 18. Nxa5 Rxc1 19. Rxc1 Rc8 20. c4 Nd3
21. Rd1 Nxf4 22. exf4 Bc3 23. Nb3 Rxc4 24. Rc1 Rc7 25. Kf1 f5 26. Nd4 Ba5 27.
Rxc7 Bxc7 28. Nc6 a6 29. Nxe7+ Kf7 30. Nd5 Bb8 31. g3 Ke6 32. Ne3 Kd6 33. Ke2
Kc5 34. Kd3 Bc7 35. Nc2 Bb6 36. f3 Kb5 37. h3 Bf2 38. g4 Kc5 39. gxf5 gxf5 40.
Ke2 Bg1 41. Kd3 a5 42. Kc3 Bf2 43. Kb3 Kb5 44. Na3+ Kc5 45. Nc2 Kd5 46. Ka4 Kc4
47. Kxa5 Kd3 48. Nb4+ Ke3 49. Nd5+ Kxf3 50. Kb5 Kg3 51. a4 Be1 52. Nb4 Kxh3 53.
a5 h5 54. a6 Bf2 55. Nd5 Ba7 56. Kc6 h4 57. Kb7 Kg3 58. Kxa7 h3 59. Kb6 h2 60.
a7 h1=Q 61. a8=Q Qh6+ 62. Qc6 Qf8 63. Kb5 Kf3 64. Ne7+ Kg3 65. Nd5 Kf3 66. Kc4
Qa3 67. Kd4 Qa7+ 68. Ke5 Qg7+ 69. Kxf5 Qh7+ 70. Qg6 Qh4 71. Ke5 Qe1+ 72. Kd6 Qf1
73. Qh5+ Kg3 74. Qg5+ Kf3 75. f5 Qa6+ 76. Ke5 Qa1+ 77. Ke6 Qa6+ 78. Kf7 Ke4 79.
Ne7 Qa2+ 80. Kg7 Ke5 81. f6+ Ke6 82. Qd5+ 1-0